ARRUPE JESUIT UNIVERSITY

CORONAVIRUS -STOP THE SPREAD - CLEAN,DISINFECT,COVER

Pasteur's study of fermentation. (Record no. 123290)

MARC details
000 -LEADER
fixed length control field 00806cam a22002651 4500
001 - CONTROL NUMBER
control field 7905680
003 - CONTROL NUMBER IDENTIFIER
control field ARRUPE
005 - DATE AND TIME OF LATEST TRANSACTION
control field 20150911102615.0
008 - FIXED-LENGTH DATA ELEMENTS--GENERAL INFORMATION
fixed length control field 741028s1952 xx 000 0 eng
010 ## - LIBRARY OF CONGRESS CONTROL NUMBER
LC control number 52005391
035 ## - SYSTEM CONTROL NUMBER
System control number (OCoLC)1058201
040 ## - CATALOGING SOURCE
Original cataloging agency DLC
Transcribing agency VtU
Modifying agency ODaWU
-- DLC
042 ## - AUTHENTICATION CODE
Authentication code premarc
050 00 - LIBRARY OF CONGRESS CALL NUMBER
Classification number QP601
Item number .C74
300 ## - PHYSICAL DESCRIPTION
Other physical details 23 cm.
100 1# - MAIN ENTRY--PERSONAL NAME
Dates associated with a name 1893-1978
9 (RLIN) 19488
245 10 - TITLE STATEMENT
Title Pasteur's study of fermentation.
260 ## - PUBLICATION, DISTRIBUTION, ETC. (IMPRINT)
Place of publication, distribution, etc Cambridge,
Name of publisher, distributor, etc Harvard University Press,
Date of publication, distribution, etc c1952.
300 ## - PHYSICAL DESCRIPTION
Extent 57 p.
440 #0 - SERIES STATEMENT/ADDED ENTRY--TITLE
Title Harvard case histories in experimental science, case
Volume number/sequential designation 6
9 (RLIN) 19489
600 10 - SUBJECT ADDED ENTRY--PERSONAL NAME
Personal name Pasteur, Louis,
Dates associated with a name 1822-1895.
9 (RLIN) 19485
650 #0 - SUBJECT ADDED ENTRY--TOPICAL TERM
Topical term or geographic name as entry element Fermentation.
9 (RLIN) 19490
700 ## - ADDED ENTRY--PERSONAL NAME
Personal name Conant, James Bryant
Relator term ed.
9 (RLIN) 19820
906 ## - LOCAL DATA ELEMENT F, LDF (RLIN)
a 7
b cbc
c oclcrpl
d u
e ncip
f 19
g y-gencatlg
942 ## - ADDED ENTRY ELEMENTS (KOHA)
Source of classification or shelving scheme Library of Congress Classification
Koha item type Monograph ( Printed materials)
Holdings
Withdrawn status Lost status Source of classification or shelving scheme Damaged status Not for loan Collection code Home library Current library Shelving location Date acquired Total Checkouts Full call number Barcode Date last seen Price effective from Koha item type
    Library of Congress Classification     Main Collection ARRUPE LIBRARY ARRUPE LIBRARY Main Collection 08/09/2015   QP601 .C74 46500003934 02/07/2019 08/09/2015 Monograph ( Printed materials)

 

Arrupe Library. PO Box MP320 Mt Pleasant, Harare, Zimbabwe
263 242 745411|librarian@aju.ac.zw